Southville International School and Colleges
Your cart is empty.
  • Cart
  • Lists
    Public lists Eva Luna New books Lux_list list_1
    Your lists Log in to create your own lists
  • Log in to your account
  • Your cookies
  • Search history
Southville International School and Colleges
  • Advanced search
  • Recent comments
  • Most popular
  • Libraries

Log in to your account

Log in with GOOGLE


If you do not have an external account, but do have a local account, you can still log in:

  1. Home
  2. MARC view: Contemporary business statistics /
Normal view MARC view ISBD view

Contemporary business statistics / (Record no. 276606)

[ view plain ]
MARC details
000 -LEADER
fixed length control field 00415nam a2200145 a 4500
005 - DATE AND TIME OF LATEST TRANSACTION
control field 20141022142008.0
008 - FIXED-LENGTH DATA ELEMENTS--GENERAL INFORMATION
fixed length control field 120228s19uu xx 00 eng d
050 ## - LIBRARY OF CONGRESS CALL NUMBER
Classification number CD-ROM
Item number W67 2009
100 ## - MAIN ENTRY--PERSONAL NAME
Personal name Williams, Thomas A.
245 ## - TITLE STATEMENT
Title Contemporary business statistics /
Statement of responsibility, etc Thomas Williams, Dennis Sweeney, David Anderson.
260 ## - PUBLICATION, DISTRIBUTION, ETC. (IMPRINT)
Date of publication, distribution, etc 2009.
700 ## - ADDED ENTRY--PERSONAL NAME
Personal name Sweeney, Dennis
700 ## - ADDED ENTRY--PERSONAL NAME
Personal name Anderson, David
942 ## - ADDED ENTRY ELEMENTS (KOHA)
Koha item type Audio Visual Materials
Holdings
Withdrawn status Lost status Damaged status Home library Current library Shelving location Date acquired Total Checkouts Full call number Barcode Date last seen Date checked out Price effective from Koha item type
      College Library College Library Audio Visual Material Section 02/28/2012 1 CD-ROM W67 2009 BSBA0016 05/10/2016 05/04/2016 04/12/2014 Audio Visual Materials

Contemporary business statistics /

APA

Williams T. A., Sweeney D. & Anderson D. (2009). Contemporary business statistics. : .

Chicago

Williams Thomas A, Sweeney Dennis and Anderson David. 2009. Contemporary business statistics. : .

Harvard

Williams T. A., Sweeney D. and Anderson D. (2009). Contemporary business statistics. : .

MLA

Williams Thomas A, Sweeney Dennis and Anderson David. Contemporary business statistics. : . 2009.

  • Place hold
  • Print
  • Cite
  • Add to your cart (remove)
  • Save record
    BIBTEX Dublin Core MARCXML MARC (non-Unicode/MARC-8) MARC (Unicode/UTF-8) MARC (Unicode/UTF-8, Standard) MODS (XML) RIS
  • More searches
    Search for this title in:
    Other Libraries (WorldCat) Other Databases (Google Scholar) Online Stores (Bookfinder.com) Open Library (openlibrary.org)

Exporting to Dublin Core...

SOUTHVILLE LIBRARY

Southville International School and Colleges Library

1281 Tropical Ave. Cor. Luxembourg St., BF Homes International, Las Pinas City

Tel. No. 8256374 / 252358 Loc. 117/146

Powered by Koha